[Event "World Blitz Championship"]
[Site "Dubai UAE"]
[Date "2014.06.19"]
[EventDate "2014.06.19"]
[Round "1.5"]
[Result "1-0"]
[White "Maxime Vachier-Lagrave"]
[Black "Baadur Aleksandrovich Jobava"]
[WhiteElo "2762"]
[BlackElo "2713"]
[PlyCount "81"]

1. Nf3 Nf6 2. g3 d5 3. Bg2 c6 4. O-O Bf5 5. c4 e6 6. cxd5 Bxb1
7. Rxb1 cxd5 8. Qb3 Qb6 9. Qxb6 axb6 10. a3 Nc6 11. d3 b5
12. b4 Bd6 13. Bb2 Ke7 14. Rfc1 Rhc8 15. Bf1 g6 16. e4 dxe4
17. dxe4 Nxe4 18. Bxb5 Nf6 19. Re1 Nd5 20. Rbd1 Kf8 21. Ng5
Be7 22. Ne4 Nd8 23. Bd3 Nc6 24. Kg2 h5 25. h4 Rd8 26. Bb1 Nb6
27. Rc1 Na4 28. Ba1 Nb6 29. Re3 Nd5 30. Rf3 Ncxb4 31. Ng5 Bxg5
32. hxg5 Ke8 33. Bxg6 fxg6 34. axb4 Rd7 35. Re1 Rd6 36. Bd4 b5
37. Bc5 Rda6 38. Rf8+ Kd7 39. Rf7+ Ke8 40. Rg7 h4 41. Rh1 1-0

[Event "World Blitz Championship"]
[Site "Dubai UAE"]
[Date "2014.06.19"]
[EventDate "2014.06.19"]
[Round "2.4"]
[Result "0-1"]
[White "Mikhael Mchedlishvili"]
[Black "Maxime Vachier-Lagrave"]
[WhiteElo "2632"]
[BlackElo "2762"]
[PlyCount "49"]

1. Nf3 Nf6 2. g3 g6 3. b3 Bg7 4. Bb2 O-O 5. c4 b6 6. Bg2 Bb7
7. O-O d6 8. d4 Nbd7 9. Nc3 Ne4 10. e3 e6 11. Rc1 Qe7 12. Ne2
c5 13. Qc2 Rac8 14. Qb1 Ndf6 15. Qa1 Rfd8 16. Nf4 cxd4
17. exd4 Bh6 18. Rce1 Bxf4 19. gxf4 d5 20. cxd5 Bxd5 21. Qd1
Qb7 22. Ne5 Nc3 23. Bxd5 Nfxd5 24. Qg4 Qe7 25. Bc1 0-1

[Event "World Blitz Championship"]
[Site "Dubai UAE"]
[Date "2014.06.19"]
[EventDate "2014.06.19"]
[Round "3.3"]
[Result "1-0"]
[White "Maxime Vachier-Lagrave"]
[Black "Judit Polgar"]
[WhiteElo "2762"]
[BlackElo "2685"]
[PlyCount "95"]

1. e4 c5 2. Nf3 Nc6 3. c3 e6 4. d4 d5 5. exd5 Qxd5 6. Be3 Nf6
7. Be2 cxd4 8. cxd4 Bb4+ 9. Nc3 O-O 10. O-O Qa5 11. Qb3 b6
12. Rfd1 Bxc3 13. bxc3 Ba6 14. c4 Qb4 15. Ne5 Qxb3 16. axb3
Bb7 17. Nxc6 Bxc6 18. Ra3 a5 19. d5 exd5 20. Bxb6 Rfe8 21. Bf3
Rac8 22. c5 Ne4 23. Rxa5 Nc3 24. Rda1 f5 25. h4 h6 26. Ra7 d4
27. Bxc6 Rxc6 28. Rd7 Re4 29. g3 h5 30. Rd6 Re6 31. Rd8+ Kh7
32. Kg2 Re4 33. Rd6 Rc8 34. c6 Nb5 35. Rd5 Nc3 36. Rxf5 Rxc6
37. Rxh5+ Kg6 38. Rg5+ Kf6 39. Bd8+ Ke6 40. Rg6+ Kd7 41. Ra7+
Kxd8 42. Rxc6 Nb5 43. Rb7 Re5 44. Rxg7 d3 45. Rh6 d2 46. Ra6
Nc7 47. Rd6+ Kc8 48. Rxd2 1-0

[Event "World Blitz Championship"]
[Site "Dubai UAE"]
[Date "2014.06.19"]
[EventDate "2014.06.19"]
[Round "4.3"]
[Result "1-0"]
[White "Pentala Harikrishna"]
[Black "Maxime Vachier-Lagrave"]
[WhiteElo "2726"]
[BlackElo "2762"]
[PlyCount "93"]

1. d4 Nf6 2. Nf3 g6 3. Bg5 Bg7 4. Nbd2 c5 5. e3 b6 6. c3 Bb7
7. Bd3 O-O 8. O-O d6 9. h3 Nbd7 10. e4 e5 11. dxe5 Nxe5
12. Nxe5 dxe5 13. Qe2 h6 14. Bxf6 Qxf6 15. Ba6 Bc6 16. Bb5 Bb7
17. Ba6 Bc6 18. Bb5 Rfd8 19. Bxc6 Qxc6 20. Rfd1 b5 21. c4 bxc4
22. Nxc4 Rd4 23. f3 Rad8 24. Ne3 Bf6 25. Nd5 Bg5 26. Qf2 Kg7
27. h4 Bxh4 28. Qc2 Qd6 29. b3 Bg5 30. Rd3 f5 31. Re1 fxe4
32. fxe4 Rf8 33. Rxd4 exd4 34. Rf1 Rxf1+ 35. Kxf1 h5 36. Qd3
Qe5 37. Ke2 Qh2 38. Qf3 Qg1 39. Nc7 d3+ 40. Kxd3 Qd4+ 41. Ke2
Qb2+ 42. Kd3 Qe5 43. Nb5 a6 44. Na3 Qd4+ 45. Ke2 Qb2+ 46. Kf1
Qxa3 47. Qc3+ 1-0

[Event "World Blitz Championship"]
[Site "Dubai UAE"]
[Date "2014.06.19"]
[EventDate "2014.06.19"]
[Round "5.5"]
[Result "1-0"]
[White "Maxime Vachier-Lagrave"]
[Black "Radoslaw Wojtaszek"]
[WhiteElo "2762"]
[BlackElo "2715"]
[PlyCount "147"]

1. Nf3 Nf6 2. g3 d5 3. Bg2 c5 4. O-O Nc6 5. d4 e6 6. c4 dxc4
7. dxc5 Qxd1 8. Rxd1 Bxc5 9. Nbd2 c3 10. bxc3 O-O 11. Ne1 Be7
12. Nd3 Nd5 13. Bb2 Bd7 14. Nb3 Rfd8 15. Ndc5 Bxc5 16. Nxc5
Na5 17. Bxd5 exd5 18. Rxd5 Bc6 19. Rd4 Re8 20. e3 h6 21. Nb3
Nxb3 22. axb3 a6 23. Kf1 f6 24. Ke2 Re6 25. c4 Rae8 26. Bc3
Kf7 27. g4 Re4 28. Rxe4 Rxe4 29. f3 Re8 30. e4 h5 31. h3 hxg4
32. hxg4 Rh8 33. Bd4 Rd8 34. Ke3 Rh8 35. Ke2 Rd8 36. Bb6 Rh8
37. b4 Rh2+ 38. Bf2 Rh8 39. Rb1 Rc8 40. Bb6 Bd7 41. Kd3 Be6
42. Rc1 Rc6 43. c5 Rc8 44. Rh1 Bd7 45. Ke3 Bc6 46. Rh5 Re8
47. Kf4 Kg6 48. Rh1 Re7 49. Rg1 Rd7 50. g5 Rd4 51. gxf6+ Kxf6
52. Bc7 Rxb4 53. Be5+ Ke6 54. Rg6+ Kf7 55. Rxg7+ Ke6 56. Bd6
Rb1 57. Bc7 Rd1 58. Rg6+ Kf7 59. Rg2 Rd3 60. Rg5 Ba4 61. Rf5+
Ke6 62. Re5+ Kd7 63. Bb6 Bd1 64. Rd5+ Rxd5 65. exd5 Be2
66. Ke4 Bd1 67. f4 Bc2+ 68. Ke5 Bd1 69. f5 Bf3 70. d6 Bh5
71. Kf6 Bg4 72. Kg6 Ke8 73. f6 Be6 74. Kg7 1-0

[Event "World Blitz Championship"]
[Site "Dubai UAE"]
[Date "2014.06.19"]
[EventDate "2014.06.19"]
[Round "6.3"]
[Result "1/2-1/2"]
[White "Nikita Vitiugov"]
[Black "Maxime Vachier-Lagrave"]
[WhiteElo "2742"]
[BlackElo "2762"]
[PlyCount "89"]

1. d4 Nf6 2. Bg5 e6 3. Nd2 c5 4. e3 cxd4 5. exd4 Be7 6. Ngf3
b6 7. Bd3 Bb7 8. O-O d6 9. Re1 O-O 10. c3 Nbd7 11. a4 a6
12. Bf1 Re8 13. Bh4 Nf8 14. Nc4 Ng6 15. Bg3 Nh5 16. Nfd2 Nxg3
17. hxg3 Rb8 18. Ne3 Bg5 19. Bd3 Bxe3 20. Rxe3 e5 21. Qe2 exd4
22. Rxe8+ Qxe8 23. Qxe8+ Rxe8 24. cxd4 Ne7 25. Nc4 Nc8 26. Bf5
Bd5 27. Ne3 Bc6 28. Rc1 Ne7 29. b3 g6 30. Bd3 b5 31. axb5 axb5
32. d5 Bxd5 33. Bxb5 Rb8 34. Bc4 Be6 35. Rd1 d5 36. Bxd5 Nxd5
37. Nxd5 Bxd5 38. Rxd5 Rxb3 39. f3 Kg7 40. g4 h6 41. Kh2 Rb2
42. Kg1 Rb3 43. Kh2 Rb2 44. Kg1 Rb3 45. Kh2 1/2-1/2

[Event "World Blitz Championship"]
[Site "Dubai UAE"]
[Date "2014.06.19"]
[EventDate "2014.06.19"]
[Round "7.5"]
[Result "1/2-1/2"]
[White "Maxime Vachier-Lagrave"]
[Black "Loek van Wely"]
[WhiteElo "2762"]
[BlackElo "2654"]
[PlyCount "167"]

1. Nf3 Nf6 2. g3 d5 3. Bg2 Bf5 4. O-O e6 5. c4 c6 6. cxd5 exd5
7. d3 Be7 8. Qb3 Qb6 9. Qc2 O-O 10. Nc3 h6 11. e4 Bh7 12. Be3
Qa6 13. Rfd1 Nbd7 14. a3 dxe4 15. dxe4 Bc5 16. Bxc5 Nxc5
17. Nd4 Rfe8 18. f3 Qb6 19. Qf2 a5 20. Rd2 Nfd7 21. Rad1 Ne5
22. Bf1 Rad8 23. Kg2 Bg6 24. h3 Ncd3 25. Rxd3 Nxd3 26. Rxd3
Rd6 27. Nc2 Qc7 28. Rxd6 Qxd6 29. Ne3 b5 30. Qc2 Rd8 31. Ne2
Qd2 32. Kf2 Qxc2 33. Nxc2 Rd2 34. Nd4 Rxb2 35. Nxc6 a4 36. Ke1
Rb3 37. Ned4 Rxa3 38. Bxb5 Ra1+ 39. Kd2 a3 40. Nc2 Rg1
41. Nxa3 Rxg3 42. Ke3 Rxh3 43. Nc4 Bh5 44. N6e5 f6 45. Bd7 Rh1
46. Nd3 Ra1 47. Nd6 Kh7 48. Bf5+ Bg6 49. Bxg6+ Kxg6 50. Nf4+
Kh7 51. Nf5 Ra3+ 52. Kf2 g6 53. Ne3 Kg7 54. Ned5 Ra6 55. Kg3
Rc6 56. Ne2 Ra6 57. Nd4 Kf7 58. Kf4 Ra4 59. Nb5 Ra6 60. Ke3
Ra5 61. Nd6+ Ke6 62. Nc4 Ra4 63. Nc7+ Ke7 64. Nd5+ Ke6 65. Kd4
Ra1 66. Nf4+ Kf7 67. Nd6+ Kg7 68. Kd5 Rf1 69. Ne6+ Kg8 70. Nd4
Rd1 71. f4 h5 72. e5 fxe5 73. fxe5 h4 74. e6 Kf8 75. Ke5 h3
76. Nf3 Ke7 77. Nc8+ Kd8 78. Nd6 Rf1 79. Nh2 Rf2 80. Ng4 Rf1
81. Nh2 Rf2 82. Ng4 Rf1 83. Nh2 Rf2 84. Ng4 1/2-1/2

[Event "World Blitz Championship"]
[Site "Dubai UAE"]
[Date "2014.06.19"]
[EventDate "2014.06.19"]
[Round "8.5"]
[Result "1/2-1/2"]
[White "Daniil Dubov"]
[Black "Maxime Vachier-Lagrave"]
[WhiteElo "2614"]
[BlackElo "2762"]
[PlyCount "134"]

1. Nf3 Nf6 2. g3 g6 3. b3 Bg7 4. Bb2 b6 5. Bg2 Bb7 6. O-O O-O
7. c4 d6 8. d4 Nbd7 9. Nc3 Ne4 10. Nxe4 Bxe4 11. Qd2 e6
12. Rfd1 Qe7 13. Rac1 Rad8 14. d5 e5 15. Qe3 f5 16. Qd2 a5
17. Bf1 f4 18. Bh3 Bf5 19. Bxf5 Rxf5 20. Rf1 Rdf8 21. Qc2 fxg3
22. hxg3 Nf6 23. Kg2 Ng4 24. Qe4 h5 25. Kg1 Bh6 26. Rcd1 Qf7
27. Bc1 Bxc1 28. Rxc1 Nf6 29. Qc2 Nh7 30. Nh4 Rg5 31. Nf3 Rf5
32. Nh4 Rf6 33. Nf3 g5 34. Kh1 g4 35. Nd2 Ng5 36. Ne4 Nxe4
37. Qxe4 Kg7 38. Qe3 Rf5 39. Kg2 Qg6 40. f4 h4 41. gxh4 exf4
42. Qd4+ Kh7 43. Qe4 f3+ 44. Kg3 f2 45. Qxg4 Qf6 46. Kh2 Rg8
47. Qe4 Kh8 48. e3 Rf3 49. Qd4 Qxd4 50. exd4 Rf4 51. Rc3 Rgg4
52. Rg3 Rxh4+ 53. Kg2 Kh7 54. Rxf2 Rxf2+ 55. Kxf2 Rxd4 56. Re3
Rd2+ 57. Kf3 Rxa2 58. Re7+ Kg6 59. Rxc7 Rb2 60. Rc6 Kf5
61. Rxb6 a4 62. Rxd6 Rxb3+ 63. Ke2 a3 64. Ra6 Ke5 65. d6 Ke6
66. c5 Rc3 67. Ra5 a2 1/2-1/2

[Event "World Blitz Championship"]
[Site "Dubai UAE"]
[Date "2014.06.19"]
[EventDate "2014.06.19"]
[Round "9.4"]
[Result "0-1"]
[White "Maxime Vachier-Lagrave"]
[Black "Ian Nepomniachtchi"]
[WhiteElo "2762"]
[BlackElo "2730"]
[PlyCount "138"]

1. Nf3 g6 2. g3 Bg7 3. Bg2 f5 4. O-O Nf6 5. d4 O-O 6. c4 d6
7. Nc3 c6 8. b3 Qc7 9. Ba3 h6 10. Rc1 Kh7 11. d5 c5 12. Bb2
Nbd7 13. Qc2 a6 14. a4 Rf7 15. Rce1 Nf8 16. Nd2 Kg8 17. f4 Bd7
18. e4 fxe4 19. Ndxe4 Re8 20. Nxf6+ Bxf6 21. Kh1 Qc8 22. Ne4
Bxb2 23. Qxb2 Nh7 24. Re3 Ref8 25. Nf2 Nf6 26. Rfe1 Qd8 27. h3
b5 28. axb5 axb5 29. Kh2 Re8 30. Ne4 Kf8 31. Qc3 bxc4 32. bxc4
Kg8 33. Nxf6+ exf6 34. Rxe8+ Bxe8 35. Re6 Kg7 36. f5 g5
37. Qb2 Rd7 38. Bf3 Bf7 39. Re3 Re7 40. Rxe7 Qxe7 41. Qe2 Kf8
42. Qxe7+ Kxe7 43. Kg2 Kd7 44. Kf2 Kc7 45. Ke3 Kb6 46. Kd3 Ka5
47. Kc3 Ka4 48. Bd1+ Ka3 49. Be2 Be8 50. g4 Ba4 51. Bf3 Ka2
52. Be2 Kb1 53. Bf3 Kc1 54. Be2 Kb1 55. Bd3+ Ka2 56. Be2 Bb3
57. Bf3 Ka3 58. Be2 Ba4 59. Bf3 Ka2 60. Be2 Kb1 61. Bf3 Kc1
62. Be2 Bc2 63. Bf3 Bb1 64. Kb3 Kd2 65. Ka4 Ke3 66. Bh1 Bd3
67. Kb5 Kd4 68. Kc6 Ke5 69. Kb5 Bf1 0-1

[Event "World Blitz Championship"]
[Site "Dubai UAE"]
[Date "2014.06.19"]
[EventDate "2014.06.19"]
[Round "11.13"]
[Result "1/2-1/2"]
[White "Maxime Vachier-Lagrave"]
[Black "Vladimir Malakhov"]
[WhiteElo "2762"]
[BlackElo "2694"]
[PlyCount "84"]

1. e4 e5 2. Nf3 Nc6 3. Bc4 Bc5 4. b4 Bxb4 5. c3 Be7 6. d4 Na5
7. Bd3 d6 8. dxe5 dxe5 9. Nxe5 Nf6 10. O-O O-O 11. Nd2 c6
12. Ndc4 Be6 13. Qc2 Nxc4 14. Nxc4 h6 15. Rd1 Qc7 16. f3 Nd7
17. Bf1 Ne5 18. Nxe5 Qxe5 19. Be3 Qc7 20. a4 b6 21. Qf2 Rad8
22. Rdb1 Bf6 23. Bd4 Be5 24. Bxe5 Qxe5 25. Qe3 f5 26. Re1 fxe4
27. Qxe4 Qxe4 28. Rxe4 Bd5 29. Re7 Rf7 30. Re5 Rfd7 31. h4 Bf7
32. a5 Rd1 33. Rxd1 Rxd1 34. Kf2 Rd5 35. Rxd5 Bxd5 36. axb6
axb6 37. Ke3 Kf7 38. Kd4 Kf6 39. Ba6 Bf7 40. Ke4 Bd5+ 41. Kd4
Bf7 42. Ke4 Bd5+ 1/2-1/2

[Event "World Blitz Championship"]
[Site "Dubai UAE"]
[Date "2014.06.19"]
[EventDate "2014.06.19"]
[Round "10.12"]
[Result "1/2-1/2"]
[White "Teimour Radjabov"]
[Black "Maxime Vachier-Lagrave"]
[WhiteElo "2724"]
[BlackElo "2762"]
[PlyCount "96"]

1. Nf3 Nf6 2. c4 b6 3. g3 c5 4. Bg2 Bb7 5. Nc3 g6 6. O-O Bg7
7. d4 cxd4 8. Nxd4 Bxg2 9. Kxg2 Qc8 10. b3 Qb7+ 11. Kg1 O-O
12. Bb2 Rd8 13. Nf3 Na6 14. Nd5 Nxd5 15. Bxg7 Ne3 16. Qd2 Kxg7
17. Qxe3 d5 18. Rac1 Nc5 19. h4 h5 20. b4 Ne6 21. Nd4 Nxd4
22. Qxd4+ f6 23. cxd5 Rxd5 24. Qe4 Qd7 25. a3 Rd8 26. Rc2 g5
27. Kg2 Rd4 28. Qc6 gxh4 29. Qxd7 R8xd7 30. gxh4 Rxh4 31. f3
Rhd4 32. Kf2 R4d5 33. Rfc1 Kf7 34. Rc8 Re5 35. R1c2 a5
36. bxa5 Rxa5 37. Rb8 Rd6 38. Rc3 Re6 39. Rb3 Kg6 40. R8xb6
Rxb6 41. Rxb6 Rxa3 42. Rb7 e5 43. Rb8 h4 44. Rg8+ Kf5 45. Rh8
Ra4 46. e4+ Kg5 47. Rg8+ Kh5 48. Rh8+ Kg6 1/2-1/2

[Event "World Blitz Championship"]
[Site "Dubai UAE"]
[Date "2014.06.20"]
[EventDate "2014.06.19"]
[Round "12.15"]
[Result "1-0"]
[White "Eduardo Patricio Iturrizaga Bonelli"]
[Black "Maxime Vachier-Lagrave"]
[WhiteElo "2653"]
[BlackElo "2762"]
[PlyCount "83"]

1. Nf3 d5 2. c4 c6 3. e3 Nf6 4. Nc3 e6 5. Qc2 c5 6. cxd5 exd5
7. d4 Nc6 8. Bb5 Be7 9. dxc5 Bxc5 10. O-O O-O 11. h3 Be6
12. Rd1 Bb6 13. b3 Rc8 14. Bb2 Qe7 15. Rac1 Rfd8 16. Qe2 d4
17. Na4 dxe3 18. Nxb6 exf2+ 19. Qxf2 axb6 20. Qxb6 Rxd1+
21. Rxd1 Nd5 22. Qf2 h6 23. Bxc6 bxc6 24. Qg3 f6 25. Re1 Qa7+
26. Bd4 Qf7 27. Qd6 Bf5 28. Kh2 Kh7 29. a4 Bc2 30. a5 Bxb3
31. a6 Qc7 32. Qxc7 Nxc7 33. a7 c5 34. Bxf6 Nd5 35. Be5 Ra8
36. Bb8 Nb4 37. Rb1 Bd5 38. Ne5 Be6 39. Rd1 c4 40. Rd4 Na6
41. Rd6 Nc5 42. Rc6 1-0

[Event "World Blitz Championship"]
[Site "Dubai UAE"]
[Date "2014.06.20"]
[EventDate "2014.06.19"]
[Round "13.19"]
[Result "0-1"]
[White "Maxime Vachier-Lagrave"]
[Black "Alexander Ipatov"]
[WhiteElo "2762"]
[BlackElo "2613"]
[PlyCount "96"]

1. e4 e5 2. f4 exf4 3. Nf3 d6 4. Bc4 g5 5. O-O h6 6. d4 Bg7
7. c3 Ne7 8. g3 c6 9. gxf4 d5 10. exd5 cxd5 11. Bb5+ Bd7
12. Bxd7+ Qxd7 13. Ne5 Bxe5 14. fxe5 Nbc6 15. Nd2 O-O-O
16. Nb3 b6 17. Be3 f5 18. exf6 Nf5 19. Qd3 Nd6 20. Bf2 Ne4
21. Bg3 Rhf8 22. c4 Kb7 23. cxd5 Qxd5 24. Rae1 Nxf6 25. Rf5
Qd7 26. Ref1 Nb4 27. Qf3+ Nbd5 28. Be5 g4 29. Qg2 Nh7 30. Rxf8
Nxf8 31. Nd2 Ng6 32. Nc4 Nh4 33. Qe4 Nf3+ 34. Kh1 Qc6 35. Rc1
Nd2 36. Qh7+ Rd7 37. Nd6+ Qxd6 38. Qd3 Nf4 39. Bxf4 Qxf4
40. Qb5 Qe4+ 41. Kg1 Qe3+ 42. Kg2 Qf3+ 43. Kg1 Qd5 44. Qe2
Qxd4+ 45. Kg2 Qd5+ 46. Kg3 Qf3+ 47. Qxf3+ gxf3 48. Re1 Rg7+
0-1

[Event "World Blitz Championship"]
[Site "Dubai UAE"]
[Date "2014.06.20"]
[EventDate "2014.06.19"]
[Round "16.27"]
[Result "0-1"]
[White "Yuriy Kryvoruchko"]
[Black "Maxime Vachier-Lagrave"]
[WhiteElo "2628"]
[BlackElo "2835"]
[PlyCount "122"]

1. e4 c5 2. Nf3 Nc6 3. Bb5 d6 4. O-O Bd7 5. Re1 Nf6 6. c3 a6
7. Bf1 Bg4 8. h3 Bxf3 9. Qxf3 g6 10. d3 Bg7 11. Be3 Nd7
12. Nd2 O-O 13. Qd1 b5 14. Nf3 b4 15. Qa4 Qc8 16. d4 Rb8
17. Rac1 a5 18. e5 bxc3 19. bxc3 Qc7 20. Bb5 Nb6 21. Qd1 Nd5
22. exd6 exd6 23. a4 Nxe3 24. fxe3 Ne7 25. e4 Qa7 26. Kh1 Rfc8
27. Qd2 Nc6 28. dxc5 Qxc5 29. Qd5 Ne5 30. Qxc5 Rxc5 31. Red1
Nxf3 32. gxf3 Be5 33. c4 Bf4 34. Rc3 Rh5 35. Kg2 Rg5+ 36. Kf2
Bg3+ 37. Kf1 Be5 38. Rcd3 Kg7 39. Kf2 Rh5 40. Rd5 Rc8 41. Kg2
Rg5+ 42. Kf2 Rh5 43. Kg2 Rc7 44. Rc1 Rg5+ 45. Kf2 Bg3+ 46. Ke2
Rxd5 47. exd5 Re7+ 48. Kd3 Bf2 49. Rc2 Re3+ 50. Kd2 Rxf3
51. Ke2 Rxh3 52. Bd7 Rh4 53. Kd3 Bc5 54. Rb2 f5 55. Rb5 Bb4
56. Be6 Kf6 57. Rb7 Rh3+ 58. Kc2 Ke5 59. Rxb4 axb4 60. a5 Ra3
61. Kb2 Rxa5 0-1

[Event "World Blitz Championship"]
[Site "Dubai UAE"]
[Date "2014.06.20"]
[EventDate "2014.06.19"]
[Round "14.27"]
[Result "1-0"]
[White "Zaven Andriasian"]
[Black "Maxime Vachier-Lagrave"]
[WhiteElo "2611"]
[BlackElo "2762"]
[PlyCount "71"]

1. e4 c5 2. Ne2 Nf6 3. Nbc3 d5 4. exd5 Nxd5 5. g3 g6 6. Bg2
Nxc3 7. bxc3 Bg7 8. O-O O-O 9. d3 Nc6 10. Be3 Qd6 11. Rb1 b6
12. d4 cxd4 13. Nxd4 Bxd4 14. cxd4 Ba6 15. Re1 Rac8 16. d5 Na5
17. Bf4 Qd7 18. Bh6 Rfe8 19. Qd4 f6 20. Re6 Nc4 21. Rbe1 Nd6
22. Bh3 Nf7 23. Bf4 f5 24. Bc1 Rxc2 25. Bb2 Rxb2 26. Qxb2 Ng5
27. Bg2 Nxe6 28. Rxe6 Bc4 29. Qe5 Bxa2 30. h4 Kf7 31. h5 b5
32. g4 b4 33. hxg6+ hxg6 34. gxf5 b3 35. fxg6+ Kg8 36. Qh5 1-0

[Event "World Blitz Championship"]
[Site "Dubai UAE"]
[Date "2014.06.20"]
[EventDate "2014.06.19"]
[Round "17.21"]
[Result "1/2-1/2"]
[White "Maxime Vachier-Lagrave"]
[Black "Viktor Laznicka"]
[WhiteElo "2762"]
[BlackElo "2679"]
[PlyCount "98"]

1. Nf3 d5 2. g3 Bg4 3. Bg2 Nd7 4. O-O e6 5. h3 Bh5 6. d4 Ngf6
7. c4 c6 8. cxd5 exd5 9. Qb3 Qb6 10. Qe3+ Be7 11. Nh4 Bg6
12. Nc3 Qd8 13. Nxg6 hxg6 14. Qd3 O-O 15. Bf4 Re8 16. Rfe1 Nb6
17. Rad1 Qd7 18. Bg5 Rad8 19. h4 Nh7 20. Bxe7 Rxe7 21. e4 dxe4
22. Nxe4 Rde8 23. Rf1 Nf6 24. Nxf6+ gxf6 25. Bf3 Kg7 26. Kg2
Nd5 27. Rh1 f5 28. h5 g5 29. h6+ Kh8 30. Rh5 f6 31. Qb3 Nb6
32. Kh2 g4 33. Bg2 Re2 34. Rf1 Nd5 35. Qd3 f4 36. Bxd5 fxg3+
37. Kxg3 cxd5 38. Qg6 Qc7+ 39. Kg2 Qe7 40. Rxd5 Rg8 41. Qf5
Rg5 42. Qc8+ Rg8 43. Qf5 Rg5 44. Qc8+ Rg8 45. Qf5 Rg5 46. Qc8+
Rg8 47. Qf5 Rg5 48. Qc8+ Rg8 49. Qf5 Rg5 1/2-1/2

[Event "World Blitz Championship"]
[Site "Dubai UAE"]
[Date "2014.06.20"]
[EventDate "2014.06.19"]
[Round "18.21"]
[Result "0-1"]
[White "Gadir Guseinov"]
[Black "Maxime Vachier-Lagrave"]
[WhiteElo "2657"]
[BlackElo "2835"]
[PlyCount "97"]

1. e4 c5 2. Nf3 d6 3. d4 cxd4 4. Nxd4 Nf6 5. Nc3 a6 6. Bg5 e6
7. f4 Nc6 8. e5 h6 9. Bh4 dxe5 10. Nxc6 Qxd1+ 11. Rxd1 bxc6
12. fxe5 Nd7 13. Ne4 Bb7 14. Bg3 c5 15. Nd6+ Bxd6 16. Rxd6 Ke7
17. Kf2 Be4 18. Bxa6 Rhb8 19. Rhd1 Nb6 20. Bd3 Bxd3 21. R1xd3
c4 22. Ra3 Rxa3 23. bxa3 Nd5 24. Rc6 c3 25. Ke2 Rb2 26. Kd3
Rxa2 27. Bf2 f6 28. Bc5+ Kf7 29. exf6 gxf6 30. g4 Ra1 31. Bb4
Rg1 32. Bxc3 Rxg4 33. Bd2 Ra4 34. c4 Rxa3+ 35. Kd4 Ne7 36. Rc7
e5+ 37. Ke4 Rb3 38. Ra7 h5 39. c5 Ke8 40. Ra6 Kf7 41. Ra7 Rb2
42. Ba5 Ra2 43. c6 Ra4+ 44. Ke3 Ke6 45. Ra6 Kf5 46. c7 Nd5+
47. Kf2 Nxc7 48. Ra7 Ne6 49. Ke1 0-1

[Event "World Blitz Championship"]
[Site "Dubai UAE"]
[Date "2014.06.20"]
[EventDate "2014.06.19"]
[Round "19.17"]
[Result "1-0"]
[White "Maxime Vachier-Lagrave"]
[Black "Bassem Amin"]
[WhiteElo "2762"]
[BlackElo "2635"]
[PlyCount "65"]

1. e4 e5 2. Nf3 Nc6 3. Bc4 Nf6 4. d3 Bc5 5. c3 a6 6. Bb3 Ba7
7. Nbd2 O-O 8. O-O d6 9. Re1 Ng4 10. Re2 Kh8 11. h3 Nh6 12. d4
exd4 13. cxd4 Nxd4 14. Nxd4 Bxd4 15. Nf3 Bf6 16. Bf4 Be6
17. Rc1 Qe7 18. Bd5 Bxd5 19. Qxd5 Rab8 20. e5 dxe5 21. Nxe5
Bxe5 22. Qxe5 Qxe5 23. Rxe5 Rbc8 24. Re7 Nf5 25. Rexc7 Rxc7
26. Rxc7 Nd4 27. Be3 Ne6 28. Rxb7 f5 29. Re7 Nd8 30. Ra7 f4
31. Bc5 Re8 32. Ra8 Rg8 33. Rxa6 1-0

[Event "World Blitz Championship"]
[Site "Dubai UAE"]
[Date "2014.06.20"]
[EventDate "2014.06.19"]
[Round "20.12"]
[Result "0-1"]
[White "Boris Savchenko"]
[Black "Maxime Vachier-Lagrave"]
[WhiteElo "2684"]
[BlackElo "2835"]
[PlyCount "82"]

1. e4 c5 2. Nf3 d6 3. d4 cxd4 4. Nxd4 Nf6 5. Nc3 a6 6. Bg5 e6
7. Qe2 h6 8. Bh4 Be7 9. O-O-O Nbd7 10. f4 Qc7 11. g4 b5 12. a3
Bb7 13. Bg2 g5 14. fxg5 hxg5 15. Bxg5 Ne5 16. h3 Rc8 17. Rhf1
Nh7 18. Bxe7 Qxe7 19. Qe1 Nf8 20. Kb1 Nfg6 21. Rf2 Nc4 22. Bf1
Nge5 23. Bxc4 Nxc4 24. Rf3 Ne5 25. Re3 Rc4 26. Ndxb5 axb5
27. Nxb5 Rc6 28. Qb4 O-O 29. Nxd6 Rd8 30. Rb3 Ba6 31. Qa5
Rcxd6 32. Rc1 Nc4 33. Qc5 Nd2+ 34. Ka2 Nxb3 35. cxb3 Bd3
36. Qe3 e5 37. Rc3 Qf6 38. Qg3 Qf1 39. a4 Rd4 40. b4 Rxb4
41. Qxe5 Qb1+ 0-1

[Event "World Blitz Championship"]
[Site "Dubai UAE"]
[Date "2014.06.20"]
[EventDate "2014.06.19"]
[Round "21.8"]
[Result "0-1"]
[White "Maxime Vachier-Lagrave"]
[Black "Gabriel Sargissian"]
[WhiteElo "2762"]
[BlackElo "2686"]
[PlyCount "108"]

1. b3 d5 2. Bb2 Bg4 3. f3 Bh5 4. Nh3 e6 5. c4 Nf6 6. cxd5 exd5
7. e3 Bd6 8. Be2 Bg6 9. Na3 c6 10. O-O O-O 11. f4 Bf5 12. Nf2
Nbd7 13. g4 Qa5 14. Nb5 cxb5 15. gxf5 Ba3 16. Be5 Rfe8 17. Nd3
Ne4 18. Bd4 Qxd2 19. Qxd2 Nxd2 20. Rfd1 Ne4 21. b4 Rac8
22. Bf3 Nc3 23. Re1 Ne4 24. Rab1 Nd2 25. Bxd5 Nxb1 26. Rxb1
Nb6 27. Bxb7 Rc7 28. Ba6 Nd5 29. Bxb5 Rd8 30. Rb3 Bc1 31. Kf2
Rc2+ 32. Kf3 Bd2 33. Ne5 Bc3 34. Nc6 Rd6 35. Bc5 Rh6 36. Ke4
Rd2 37. Ne7+ Nxe7 38. Bxe7 Bf6 39. Bc5 Rhxh2 40. a4 h5
41. Bxa7 h4 42. Rb1 Rb2 43. Rd1 Rxb4+ 44. Kf3 Kh7 45. Be8 Rb7
46. Bc5 Rc2 47. Bd6 h3 48. Rh1 Rd2 49. Bc5 h2 50. Kg3 Rc7
51. Bb4 Rb2 52. Bd6 Rc3 53. Kf3 Bd4 54. Bxf7 Rxe3+ 0-1

[Event "World Blitz Championship"]
[Site "Dubai UAE"]
[Date "2014.06.20"]
[EventDate "2014.06.19"]
[Round "15.34"]
[Result "1-0"]
[White "Maxime Vachier-Lagrave"]
[Black "Vladislav Kovalev"]
[WhiteElo "2762"]
[BlackElo "2554"]
[PlyCount "63"]

1. c4 Nf6 2. g3 g6 3. Bg2 Bg7 4. d4 O-O 5. Nf3 d5 6. cxd5 Nxd5
7. O-O Nb6 8. Nc3 Nc6 9. d5 Na5 10. e4 c6 11. Bf4 cxd5
12. Nxd5 Nxd5 13. exd5 Bd7 14. Rc1 Rc8 15. b3 b6 16. Ne5 Rxc1
17. Qxc1 Bf5 18. b4 Nb7 19. Nc6 Qd7 20. Re1 Re8 21. Nxa7 Nd6
22. Nc6 Bf6 23. a4 Ra8 24. a5 bxa5 25. bxa5 Qc7 26. Nxe7+ Qxe7
27. Rxe7 Bxe7 28. Qc7 Re8 29. Bxd6 Bxd6 30. Qxd6 Re1+ 31. Bf1
Bh3 32. Qa6 1-0

[Event "Biel"]
[Site "Biel SUI"]
[Date "2014.07.14"]
[EventDate "2014.07.14"]
[Round "1.1"]
[Result "1/2-1/2"]
[White "Maxime Vachier-Lagrave"]
[Black "Pentala Harikrishna"]
[WhiteElo "2766"]
[BlackElo "2726"]
[PlyCount "102"]

1. d4 Nf6 2. Bg5 Ne4 3. Bf4 d5 4. e3 Bf5 5. g4 e5 6. Bxe5 Qh4
7. Qf3 Bxg4 8. Qg2 Nd7 9. Bg3 Qe7 10. c3 c6 11. Nd2 Nxg3
12. Qxg3 Bf5 13. Bh3 Bxh3 14. Nxh3 g6 15. O-O-O O-O-O 16. Kb1
Nf6 17. Ng5 h6 18. Ngf3 Qe6 19. Qe5 Bd6 20. Qxe6+ fxe6
21. Rdg1 g5 22. Kc2 Rdf8 23. Kd1 Rf7 24. Ke2 Rhf8 25. Rg2 b6
26. h3 c5 27. dxc5 bxc5 28. c4 Kb8 29. Ne1 Rb7 30. b3 a5
31. Nd3 a4 32. Rb1 axb3 33. Rxb3 Kc7 34. Rxb7+ Kxb7 35. Rg1
Ra8 36. Rb1+ Kc6 37. Rb2 h5 38. Rc2 Ra4 39. f3 Nd7 40. cxd5+
exd5 41. e4 Nb6 42. exd5+ Nxd5 43. Nc4 Rxa2 44. Rxa2 Nc3+
45. Ke3 Nxa2 46. Nxd6 Kxd6 47. Nxc5 Kxc5 48. Ke4 Nc3+ 49. Kf5
Ne2 50. Kxg5 Ng1 51. Kxh5 Nxf3 1/2-1/2

[Event "Biel"]
[Site "Biel SUI"]
[Date "2014.07.15"]
[EventDate "2014.07.14"]
[Round "2"]
[Result "1/2-1/2"]
[White "Maxime Vachier-Lagrave"]
[Black "Alexander Motylev"]
[WhiteElo "2766"]
[BlackElo "2698"]
[PlyCount "80"]

1. d4 d5 2. c4 c6 3. Nc3 Nf6 4. cxd5 cxd5 5. Bf4 Nc6 6. e3 Bg4
7. Qb3 Na5 8. Qa4+ Bd7 9. Qc2 e6 10. Bd3 Be7 11. Nf3 Nc6
12. Qe2 Nh5 13. Be5 f6 14. Bg3 f5 15. Bb5 O-O 16. Bxc6 Bxc6
17. Ne5 Be8 18. Rc1 Rc8 19. O-O Bd6 20. Rc2 Qc7 21. Nd3 Nxg3
22. hxg3 Ba4 23. Rcc1 Qa5 24. Nxa4 Qxa4 25. g4 Qxa2 26. gxf5
exf5 27. Ra1 Qb3 28. Rxa7 Qb6 29. Rfa1 f4 30. exf4 Bxf4
31. Nxf4 Rxf4 32. Qe5 Rxd4 33. Rxb7 Qxb7 34. Qxd4 Rc4 35. Qe5
Re4 36. Qh5 h6 37. Rd1 Qf7 38. Qxf7+ Kxf7 39. Rxd5 Re1+
40. Kh2 Re2 1/2-1/2